| 000 | 01156cam a2200337 i 4500 | ||
|---|---|---|---|
| 999 |
_c200439248 _d57460 |
||
| 001 | 200439248 | ||
| 003 | TR-AnTOB | ||
| 005 | 20240612143304.0 | ||
| 007 | ta | ||
| 008 | 070316s2002 tu 000|0 tur d | ||
| 020 | _a9754711658 | ||
| 020 | _a9789754711653 | ||
| 040 |
_aANKA _beng _erda _cANKA _dTR-AnTOB |
||
| 041 | 0 |
_atur _ager |
|
| 050 | 1 | 4 |
_aPF3129.T8 _bU478 2002 |
| 090 |
_aPF3129.T8 _bU478 2002 |
||
| 100 | 1 |
_aUlusoy, Zafer _eauthor _968787 |
|
| 245 | 1 | 0 |
_aAlmanca hemen konuşma kılavuzu / _cZafer Ulusoy, M. Aydan Taşkıran. |
| 264 | 1 |
_aİstanbul : _bFONO Açıköğretim Kurumu, _c2002. |
|
| 300 |
_a299 pages ; _b16 cm |
||
| 336 |
_2rdacontent _atext _btxt |
||
| 337 |
_2rdamedia _aunmediated _bn |
||
| 338 |
_2rdacarrier _avolume _bnc |
||
| 490 | 0 |
_aFONO yayınları konuşma kılavuzları dizisi. _aPratik yabancı dil dizisi. |
|
| 500 | _a"Turkish auf einen Blick" -- k. | ||
| 650 | 7 |
_aAlman dili _xÇalışma ve öğretim _xYabancılar için _2etuturkob _943890 |
|
| 650 | 7 |
_aAlman dili _vKonuşma ve deyim kitapları _2etuturkob _936025 |
|
| 700 | 1 |
_aTaşkıran, M. Aydan _9129129 |
|
| 942 |
_2lcc _cBK |
||